Quizzes
Events
Quiz Creation
Community
Videos
Private Events
Remove Ads
Sign In
Join for FREE
Feedback
Dark Mode
Quiz Categories
Sports
Geography
Music
Movies
Television
Just For Fun
Miscellaneous
History
Literature
Language
Science
Gaming
Entertainment
Religion
Holiday
For Kids
Quiz Lab
Recent
Popular Today
Quiz Kudos Today
Editor Picks
Curator Picks
Quizzes by...
Day
Popularity
Type
Ratings
Length
Year
Community
Subscriptions
Recent Discussions
Orange Saloon
Badges
Playlists
Quests
Create
Leaderboards
Showdown
Live 5
Trivia Bingo
Activity
Puzzle Library
Sporcle Events
Private Events
Virtual Trivia
Globe League
Become a Host
Pub Owners
SporcleCon
Opinionation
Our Games
Videos
Blog
Mobile Apps
Partnerships
Remove Ads and Go Orange
Feedback
Music
Pop Music
The Beatles
Song
Album
Lyrics
Bands
Singers
Artist
Clip
Rock
Rap
Classical
Billboard
Country Music
Kpop
Taylor Swift
Music
Pop Music
The Beatles
Song
Album
Lyrics
Bands
Singers
Artist
Clip
Rock
Rap
Classical
Billboard
Country Music
Kpop
Taylor Swift
Random Quiz
Search Sporcle
×
Quiz Lab
Quiz Lab
Music
Football
Type in answers that appear in a list
Type in answers that appear in a list
Classic
Best Score? Go Orange.
UK Top 40 Singles of 1999 Stats
Can you name the 40 Biggest Selling Singles in the UK of 1999?
By
ChartFreak
8m
40 Questions
309 Plays
309 Plays
309 Plays
Comments
Comments
Give Quiz Kudos
Give Quiz Kudos
-
- Ratings
hide this ad
Replay
Link that replays current quiz
Next Quiz
Link to next quiz in quiz playlist
You Got
0%
They Got
Avg Score
60%
Avg Friend Score
Upgrade to see
Score Distribution
Jump to the score distribution portion of the page
Score
0/40
Timer
08:00
0
Plays Today
Position
Single
% Correct
1
...Baby One More Time
91.3%
2
Blue (Da Ba Dee)
90.9%
4
Mambo No.5 (A Little Bit Of...)
88.7%
13
Genie In A Bottle
85.1%
6
Livin' La Vida Loca
84.5%
7
That Don't Impress Me Much
75.7%
20
I Try
74.4%
16
No Scrubs
71.2%
29
We Like To Party! (The Vengabus)
67.6%
40
You Get What You Give
66.7%
8
Sweet Like Chocolate
66%
30
Pretty Fly (For A White Guy)
65.4%
34
Maria
65%
9
Flat Beat
64.4%
15
Boom Boom Boom Boom!!
62.1%
5
9 P.M. (Till I Come)
60.8%
14
Perfect Moment
60.2%
3
The Millennium Prayer
59.2%
31
Everybody's Free (To Wear Sunscreen)
59.2%
28
King Of My Castle
57.9%
Position
Single
% Correct
38
We're Going To Ibiza!
57.9%
11
Bring It All Back
56.6%
18
When You Say Nothing At All
56%
35
I Want It That Way
55.3%
19
Heartbeat / Tragedy
55%
33
Sometimes
54.4%
12
Better Off Alone
53.4%
32
Wild Wild West
52.8%
27
Witch Doctor
52.4%
21
2 Times
52.1%
24
Turn Around
49.8%
23
Beautiful Stranger
49.2%
36
Keep On Movin'
48.5%
37
Re-Rewind The Crowd Say Bo Selecta
47.6%
25
It's Not Right But It's Okay
47.2%
22
My Love Is Your Love
46%
39
Tender
43.7%
10
When The Going Gets Tough
39.5%
17
If I Could Turn Back The Hands Of Time
37.9%
26
I Have A Dream / Seasons In The Sun
36.9%
Quiz Playlist
Details
Report
Send in Message
Add To Playlist
Classic:
Type in answers that appear in a list
Last Updated: Feb 16, 2017
Quiz Scoreboard
CHALLENGE
Sign Up to Join the Scoreboard
Show All
Scores
Hide
Comments
May contain spoilers
Recently Published
Alphabetical 'K' Countries by Flag Minefield
by ylime102
Geography
3m
Pick 6: Fruits
by JohnFran
Miscellaneous
15s
Click the 1999 NBA Draft
by nibperrychub
Sports
2m
More to Explore
Quiz From the Vault
Featured Blog Post
15 Basketball Trivia Facts You Can Be March Mad About
hide this ad
You Might Also Like...
Tags
Football Quiz
1999
Act
Best Selling
biggest
Selling Singles
Single
Today's Top Quizzes in Music
Browse Music
hide this ad
Today's Top Quizzes in Football
Browse Football
Top Contributed Quizzes in Music
1
Taylor Swift All Songs (2024)
2
KPOP LOGIC QUIZ
3
A Taylor Swift Logic Puzzle
4
Guess the Taylor Swift song (Mystery Song)
5
K-Pop Murder Mystery Logic Quiz
6
Taylor Swift Logic Puzzle
7
Guess The Taylor Swift Lyrics Song #1
8
kpop group name match up
9
NCT 2020 Logic Puzzle
10
K-Pop : 100 Debut Songs (Part 1 of 3)
Explore More
Trending Topics
NBA
Anime
Kpop
Crossword
Marvel
Disney
Harry Potter
Country
The Office
NFL
Song
Puzzle
Pokémon
Soccer
WWE
hide this ad
More By:
ChartFreak
Quiz
Plays
Rating
Category
Featured
Created
Top 100 Best Selling Singles Acts of All-time (UK)
4,803
4.88
Music
Jan 18, 2014
EastEnders Original Characters (1985) (mapped)
4,480
4.75
Television
Dec 27, 2014
UK Top 100 Singles 1990-1999
3,058
4.73
Music
Feb 5, 2014
Madonna Top 40 Hits (UK)
2,758
4.48
Music
Apr 11, 2011
Top 100 biggest album acts of the 1990s (UK)
1,855
4.92
Music
Oct 27, 2013
Go to Creator's Profile
Score Distribution
Quiz Creator Spotlight
ChartFreak
Follow
Send a Message
Quizzes Created
-
Created Quiz Play Count
-
More By This Creator
Popular Quizzes Today
1
Countries of Asia Without Outlines Minefield
2
Find the US States - No Outlines Minefield
3
Pick 6: Fruits
4
Alphabetical 'K' Countries by Flag Minefield
5
The Countries of the World
6
Find the US States
7
US States
8
Match the Book to the Film X
More Music Quizzes
Top 100 Bands (1964)
Quiz Lab
Trending Quizzes
Pick 6: Mountains
Pick 6: Harry Potter
Pick 6: NFL Teams
Pick 6: Movie Franchises
Pick 6: Golfers
Recently Updated
NWSL Teams
pecheneg
Women's Final Four Teams by Year
bhenderson79
Presidents Quartet II
eogle
Anything But Clue(do)
eogle
Anything But Oceanian Capitals
eogle
Anything But 7
eogle
Anything But Thing
eogle
Word Ladder: February 29
pecheneg
Song Title Questions
pecheneg
Women's NCAA Tournament #1 Seeds
pecheneg
Trending Topics
Kpop
Harry Potter
Disney
NBA
Crossword
Marvel
Anime
NFL
Country
The Office
WWE
Pokémon
Puzzle
Song
Soccer
Your Account Isn't Verified!
In order to create a playlist on Sporcle, you need to verify the email address you used during registration. Go to your
Sporcle Settings
to finish the process.
Report this User
Report this user for behavior that violates our
Community Guidelines
.
Details:
Send Report
Go to the Sporcle.com Mobile Site →
Comments